000 00745nam a2200265Ia 4500
003 OSt
005 20220924115059.0
006 a|||||r|||| 00| 0
007 ta
008 220923b |||||||| |||| 00| 0 urd d
020 _a0333 93191 2 (pbk)
024 _a235726
037 _cTextual
040 _aARTS
_cARTS
_burd
041 _2urd
_aurd
082 _aO168,3N52,DD, 111P1
100 _aAbdus Samad
_9176668
245 0 _aDawn of dreams
260 _aChennai
_bMacmillan India
_c2001
300 _a309p.
_ccm.
650 _aURDU LITERATURE
700 _a Farooqi Mehr Afshan Tr.
_9176669
942 _hO168,3N52,DD, 111P1
_cTEXL
_2CC
999 _c396648
_d396648